Nevedia alebo sa nechcú učiť študenti vysokých škôl matematiku?

Vyhodnocovanie matematických vedomostí a zručností študentov Fakulty ekonomiky a manažmentu a Technickej fakulty Slovenskej poľnohospodárskej univerzity v Nitre v školskom roku 2023/2024.

Guardado en:
Detalles Bibliográficos
Autor principal: Pechočiak, Tomáš
Formato: Capítulo de libro
Lenguaje:eslovaco
Materias:
Etiquetas: Agregar Etiqueta
Sin Etiquetas, Sea el primero en etiquetar este registro!

MARC

LEADER 00000naa a2200000 4500
001 0306139
005 20250114083812.4
041 0 |a slo 
044 |a SK 
245 1 0 |a Nevedia alebo sa nechcú učiť študenti vysokých škôl matematiku?  |c Tomáš Pechočiak 
520 |a Vyhodnocovanie matematických vedomostí a zručností študentov Fakulty ekonomiky a manažmentu a Technickej fakulty Slovenskej poľnohospodárskej univerzity v Nitre v školskom roku 2023/2024. 
610 2 0 |a matematika 
610 2 0 |a študenti 
610 2 0 |a vedomosti 
610 2 0 |a zručnosti 
610 2 0 |a hodnotenie 
100 1 |a Pechočiak, Tomáš